|
|
|
แสดงรายละเอียดบรรณานุกรม |
|
|
Brief Record
: Get Marc (ISO 2709)
: E-mail record
: |
|
|
| LEADER 00000nam a2200000Ia 4500 | |||
| 001 13399128795 | |||
| 003 BCNR | |||
| 008 220701s2568 th a b 000 0 tha d | |||
| 020 ^a9786164439979 | |||
| 060 04 ^aWB115^bอ641 2568 | |||
| 245 00 ^aอายุรศาสตร์ทันยุค 2568 =^bUpdate in internal medicine 2025 /^cนัฐพล ฤทธิ์ทยมัย, จุลจักร ลิ่มศรีวิไล, กฤติยา กอไพศาล, มงคล สมพรรัตนพันธ์ และ กรชนก วารีแสงทิพย์, บรรณาธิการ | |||
| 246 31 ^aUpdate in internal medicine 2025 | |||
| 250 ^aพิมพ์ครั้งที่ 1 | |||
| 260 ^aกรุงเทพฯ :^bภาควิชาอายุรศาสตร์ คณะแพทยศาสตร์ศิริราชพยาบาล มหาวิทยาลัยมหิดล,^c2568 | |||
| 300 ^axi, 493 หน้า :^bภาพประกอบ, ตาราง, แผนภาพ ;^c26 ซม. | |||
| 505 0 ^aบทที่ 1 การดูแลผู้ป่วยที่เข้ารับการผ่าตัด : การป้องกันและจัดการภาวะซึมสับสนเฉียบพลัน -- บทที่ 2 การดูแลระยะกลางสำหรับผู้สูงอายุเปราะบางที่ฟื้นตัวจากความเจ็บป่วย -- บทที่ 3 ประเด็นทางสุขภาพที่น่าสนใจในกลุ่มบุคคลผู้มีความหลากหลายทางเพศ -- บทที่ 4 การดูแลรักษาแบบครอบคลุมในผู้ป่วยโรคมะเร็งระยะสุดท้าย -- บทที่ 5 กลยุทธ์การคัดกรอง ป้องกันเบาหวานและภาวะก่อนเบาหวาน -- บทที่ 6 ความรู้พื้นฐานโรคหัวใจในผู้ป่วยมะเร็ง -- บทที่ 7 การตรวจคัดกรองสุขภาพในผู้ใหญ่ -- บทที่ 8 การรักษาภาวะแทรกซ้อนทางโลหิตวิทยาแบบองค์รวมในโรคเอสแอลอี -- บทที่ 9 การวินิจฉัยและดูแลรักษาตับแข็งและภาวะแทรกซ้อน -- บทที่ 10 การบำบัดทางหน่วยพันธุกรรมสำหรับโรคทางเส้นประสาทและกล้ามเนื้อที่เกิดจากการถ่ายทอดทางพันธุกรรม -- บทที่ 11 กลุ่มโรค Monoclonal gammopathy of clinical significance -- บทที่ 12 การวินิจฉัยและรักษานิ่วไต -- บทที่ 13 โรคไตอักเสบลูปัส -- บทที่ 14 ภาวะต่อมพาราไทรอยด์สังเคราะห์ฮอร์โมนเพิ่มขึ้นแบบปฐมภูมิ -- บทที่ 15 โรคสครัปไทฟัสและโรคมิวรีนไทฟัสในประเทศไทย -- บทที่ 16 การรักษาด้วยฮอร์โมนสำหรับบุคคลข้ามเพศ -- บทที่ 17 โรคหลอดเลือดแดงใหญ่ฉีกเซาะ -- บทที่ 18 ภาวะพิษจากไซยาไนด์ -- บทที่ 19 แนวทางการวินิจฉัยผู้ป่วยที่มีอาการกลืนลำบาก -- บทที่ 20 ประเด็นสำคัญเกี่ยวกับโรคระบบการหายใจที่มีสาเหตุจากโรคแพ้ภูมิตัวเอง -- บทที่ 21 โรคเกาต์ : ประเด็นสำคัญที่อายุรแพทย์ควรทราบ -- บทที่ 22 ตัวชี้วัดชีวภาพของภาวะสมองเสื่อมจากโรคอัลซไฮเมอร์ -- บทที่ 23 ภาวะน้ำตาลในเลือดสูงวิกฤตในผู้ป่วยเบาหวาน -- บทที่ 24 การรักษาด้วยการปลูกถ่ายเซลล์ต้นกำเนิดเม็ดเลือด -- บทที่ 25 ภาวะท้องเสียเฉียบพลัน -- บทที่ 26 การรักษามะเร็งโดยใช้ภูมิคุ้มกันบำบัด -- บทที่ 27 โรคลูปัส : การประเมินและดูแลรักษาแบบองค์รวม | |||
| 650 4 ^aการประกอบวิชาชีพเวชกรรม | |||
| 650 4 ^aการวินิจฉัยโรค | |||
| 650 4 ^aการรักษาโรค | |||
| 650 4 ^aอายุรศาสตร์ | |||
| 650 4 ^aอายุรศาสตร์^vรวมเรื่อง | |||
| 700 0 ^aนัฐพล ฤทธิ์ทยมัย,^eบรรณาธิการ | |||
| 700 0 ^aจุลจักร ลิ่มศรีวิไล,^eบรรณาธิการ | |||
| 700 0 ^aกฤติยา กอไพศาล,^eบรรณาธิการ | |||
| 700 0 ^aมงคล สมพรรัตนพันธ์,^eบรรณาธิการ | |||
| 700 0 ^aกรชนก วารีแสงทิพย์,^eบรรณาธิการ | |||
| 710 2 ^aมหาวิทยาลัยมหิดล. ^bคณะแพทยศาสตร์ศิริราชพยาบาล.^bภาควิชาอายุรศาสตร์ | |||
| 999 ^aบรรณารักษ์ | |||
| คุณยังไม่ได้ล็อกอิน คุณสามารถมีกิจกรรมร่วมกับเว็บไซต์ได้ แต่ต้องล็อกอินก่อน :: |
|
| สถานะ | |||||||||
| 1. | หนังสือ | WB115 อ641 2568 c.1 Barcode: 087865 | ►หนังสือทั่วไป | On Shelf | |||||
| 2. | หนังสือ | WB115 อ641 2568 c.2 Barcode: 087866 | ►หนังสือทั่วไป | On Shelf | |||||
| 3. | หนังสือ | WB115 อ641 2568 c.3 Barcode: 087867 | ►หนังสือทั่วไป | On Shelf | |||||
| 4. | หนังสือ | WB115 อ641 2568 c.4 Barcode: 087868 | ►หนังสือทั่วไป | On Shelf | |||||
| 5. | หนังสือ | WB115 อ641 2568 c.5 Barcode: 087869 | ►หนังสือทั่วไป | On Shelf | |||||
| 6. | หนังสือ | WB115 อ641 2568 c.6 Barcode: 087870 | ►หนังสือทั่วไป | On Shelf | |||||
| 7. | หนังสือ | WB115 อ641 2568 c.7 Barcode: 087871 | ►หนังสือทั่วไป | On Shelf | |||||
| 8. | หนังสือ | WB115 อ641 2568 c.8 Barcode: 087872 | ►หนังสือทั่วไป | On Shelf | |||||
| [แสดง 8/8 รายการ] | |||||||||
BibComment |
| คอมเมนท์ทรัพยากรรายการนี้ |
|
|